| 000 | 01162nam a22002297a 4500 | ||
|---|---|---|---|
| 999 |
_c34827 _d34827 |
||
| 003 | OSt | ||
| 005 | 20240614214943.0 | ||
| 008 | 150408b xxu||||| |||| 00| 0 eng d | ||
| 040 |
_cBMC _aBMC |
||
| 082 | _a658.8068 | ||
| 100 | 1 |
_948314 _aMoreno Olmedo, Edwin Antonio |
|
| 245 | 1 | 0 |
_aSocioambiental de elaboración y colocación de recolectores de desechos sólidos en la ciudad de Lourdes, Colón, El Salvador _b: proyecto, informe final _cEdwin Antonio Moreno Olmedo, Dennis Vicente Alas Alvarenga, José Vladimir Pineda Vargas |
| 260 |
_aSanta Ana (El Salvador) _bUniversidad Católica de El Salvador _c2024 |
||
| 300 |
_a1 v. (pág. var.) _c28 cm _e+ 1 disco compacto |
||
| 500 | _aPrecede al tít.: Universidad Católica de El Salvador, Facultad de Ciencias Empresariales | ||
| 502 | _aTrabajo de graduación para optar al grado académico de Licenciatura en Mercadeo y Negocios Internacionales | ||
| 650 | 2 | 4 |
_98652 _aGestión de marketing |
| 700 | 1 |
_948315 _aAlas Alvarenga, Dennis Vicente |
|
| 700 | 1 |
_948316 _aPineda Vargas, José Vladimir |
|
| 710 | 2 |
_91067 _aUniversidad Católica de El Salvador _bFacultad de Ciencias Empresariales |
|
| 942 |
_2ddc _cTG |
||